| 000 | 00670nam a2200193Ia 4500 | ||
|---|---|---|---|
| 003 | GCL | ||
| 008 | 140319s9999 xx 000 0 ara d | ||
| 040 |
_aGCL / _cGCL |
||
| 082 | 0 | 4 |
_a301.412 _bف ح |
| 100 | 1 | _aفريدة النقاش | |
| 245 | 1 | 0 |
_aحدائق النساء : _bفى نقد الاصولية / _cفريدة النقاش |
| 260 |
_aالقاهرة : _bمركز القاهرة لدراسات حقوق الانسان ، _c2002 |
||
| 300 |
_a163 ص ؛ _c24 سم |
||
| 490 |
_aكتاب الهلال _v0 |
||
| 650 | 0 | 4 | _aتحرير المراة |
| 650 | 0 | 4 | _aحقوق المرأة |
| 650 | 0 | 4 | _aالنساء فى الحياةالعامة |
| 942 |
_2ddc _cBK |
||
| 999 |
_c40490 _d40490 |
||